00792nam a22001937a 450000500170000001000130001702000110003003500130004103700100005408200110006410000250007524501820010026000430028227000600032530000310038594200250041699900170044195201400045820110927164043.0 aG-001500 c100.001daG-001500 bGift  a299.93 aAdi Da Samraj934943 aThe ancient walk-about way:cby the divine avataric great sage Adi Da Samraj bthe care esoteric process of real spirituality and its perfect fulfillment in the way of Adidam / aCaliforniabThe Dawn Horse Pressc2006 a10336, Loch Lomond Road, #305, Middletown, bCalifornia a143p. c24cm(pbk)bphotos  2ddccENh299.93mADI c57078d57078 001040708NFICaJPbJPd2011-09-27egiftg100.00l2o299.93 ADIpG-001500r2018-02-01 00:00:00s2018-01-29t1v100.00w2011-09-27yEN